1218 1195 1376 1656 1707 1661 1265 1674 1928 1837 1089 1172 1736 1945 1984 1823 1341 1404 1486 1093 1676 1508 1966 1369 1708 1753 1532 1842 1869 1105 1107 1053 1947 1165 1517 1625 1013 1133 1314 1872 1710 1819 1550 1509 1446 1270 1543 1001 1782 1921 1426 1491 1679 1418 1128 1014 1915 1079 1494 1883 1203 1494 1477 1234 1663 1557 1702 1528 1674 1373 1236 1640 1221 1615 1308 1656 1651 1257 1646 1386 1647 1396 1992 1729 1870 1467 1490 1256 1826 1427 1368 1645 1233 1147 1393 1186 1477 1389 1507 BCNSPRNW ULIB Ver.6.0+V

เปลี่ยนเป็นภาษาไทย

Change to English
 แสดงรายละเอียดบรรณานุกรม
  กลับหน้าหลัก

Brief Record : Get Marc (ISO 2709) : E-mail record : QR code < ปิดหน้าต่าง
LEADER : 00000nam 2200000uu 4500
001    13399126015
003     ULIB
008    020711s2560 th a 000 0 tha d
020    ^a9786161131654
060    ^aWY150^bน695ก
100    ^aนิสา ครุฑจันทร์ และ ธีริศา สินาคม,บรรณาธิการ
245    ^aการพยาบาลผู้ป่วยที่มีความปวด
250    ^aพิมพ์ครั้งที่ 1
260    ^aนครสวรรค์ :^bวิทยาลัยพยาบาลบรมราชชนนีสวรรค์ประชารักษ์ นครสวรรค์,^c2560
300    ^a62 หน้า;^b30 ซม.
650    ^aความปวด^xการพยาบาล
945    ^p0^l0^i003429
945    ^p0^l0^i003430
945    ^p0^l0^i003431
945    ^p0^l0^i003432
945    ^p0^l0^i008590
945    ^p0^l0^i008591
999    ^aประนอม เกษจรัล
รายการนี้ยังไม่มีแท็ก
คุณยังไม่ได้ล็อกอิน คุณสามารถมีกิจกรรมร่วมกับเว็บไซต์ได้ แต่ต้องล็อกอินก่อน ::
  ล็อกอิน

รายการสื่อสารสนเทศ

ลำดับที่ ประเภท เลขเรียก/บาร์โค้ด สถานที่ สถานะ
1. หนังสือสำรอง
หนังสือสำรอง
WY150 น695ก ฉ.1 
  Barcode: 003429
ห้องสมุดวิทยาเขตสวรรค์ประชารักษ์
►หนังสือทั่วไป
บนชั้น
2. วิทยาศาสตร์การแพทย์ และสุขภาพ
วิทยาศาสตร์การแพทย์ และสุขภาพ
WY150 น695ก ฉ.2 
  Barcode: 003430
ห้องสมุดวิทยาเขตสวรรค์ประชารักษ์
►หนังสือทั่วไป
บนชั้น
3. วิทยาศาสตร์การแพทย์ และสุขภาพ
วิทยาศาสตร์การแพทย์ และสุขภาพ
WY150 น695ก ฉ.3 
  Barcode: 003431
ห้องสมุดวิทยาเขตสวรรค์ประชารักษ์
►หนังสือทั่วไป
บนชั้น
4. วิทยาศาสตร์การแพทย์ และสุขภาพ
วิทยาศาสตร์การแพทย์ และสุขภาพ
WY150 น695ก ฉ.4 
  Barcode: 003432
ห้องสมุดวิทยาเขตสวรรค์ประชารักษ์
►หนังสือทั่วไป
บนชั้น
5. Book การพยาบาล
Book การพยาบาล
WY150 น695ก ฉ.5 
  Barcode: 008590
ห้องสมุดวิทยาเขตสวรรค์ประชารักษ์
►หนังสือทั่วไป
บนชั้น
6. Book การพยาบาล
Book การพยาบาล
WY150 น695ก ฉ.6 
  Barcode: 008591
ห้องสมุดวิทยาเขตสวรรค์ประชารักษ์
►หนังสือทั่วไป
บนชั้น

BibComment


ยังไม่เคยถูกคอมเมนท์

คอมเมนท์ทรัพยากรรายการนี้
  คอมเมนท์: การพยาบาลผู้ป่วย..


 Copyright 2026. Bcnsprnw @Library